000 00694nam a2200253 i 4500
001 bg
100 1 _aKarbowski, Marcin.
245 1 0 _aPodstawy kryptografii /
_cMarcin Karbowski.
250 _aWyd. 2
260 _aGliwice :
_bWydawnictwo Helion,
_c2008.
300 _a297 s. :
_brys. ;
_c24 cm.
504 _aBibliogr. s. 285-286. Indeks.
650 9 _aSzyfry
655 _aPodręczniki
020 _a9788324612154
040 _cBPK
041 0 _apol
044 _aPOL
080 _a003.26(075.8)
920 _a978-83-246-1215-4
942 _cKS
008 s pl f |000 0 pol
999 _c54897
_d54897
856 _uhttp://koha.tu.koszalin.pl/cgi-bin/koha/opac-detail.pl?biblionumber=54897
_yKatalog online BPK